Statistiken für Die 20 einflussreichsten Filme aller Zeiten

Klicken Sie hier um das Quiz zu spielen!

Allgemein

  • Dieses Quiz wurde 416 mal gespielt
  • Das Durchschnittsergebnis liegt bei 4 aus 20

Antwortstatistiken

PlatzErscheinungsjahrFilmtitel% Korrekt
021977Krieg der Sterne
57%
111942Casablanca
51%
191939Vom Winde verweht
49%
131972Der Pate
48%
061927Metropolis
33%
031960Psycho
29%
071941Citizen Kane
23%
141975Der weiße Hai
23%
011939Der Zauberer von Oz
17%
151922Nosferatu – Eine Symphonie des Grauens
16%
0519682001: Odyssee im Weltraum
15%
041933King Kong und die weiße Frau
12%
121931Dracula
10%
091931Frankenstein
10%
101937Schneewittchen und die sieben Zwerge
9%
081915Die Geburt einer Nation
5%
201925Panzerkreuzer Potemkin
3%
161956Der schwarze Falke
2%
181964Dr. Seltsam oder: Wie ich lernte, die Bombe zu lieben
1%
171914Cabiria
0%

Verteilung der Resultate

Perzentil nach korrekt beantworteten Fragen

Anzahl Personen mit jedem Resultat

Ihre Resultats-Entwicklung

Sie haben dieses Quiz noch nicht gespielt